human anatomy volumes 3 (Record no. 41694)

000 -LEADER
fixed length control field 00282nam a2200121Ia 4500
008 - FIXED-LENGTH DATA ELEMENTS--GENERAL INFORMATION
fixed length control field 230217s9999 xx 000 0 und d
020 ## - INTERNATIONAL STANDARD BOOK NUMBER
International Standard Book Number 9789354664779
100 ## - MAIN ENTRY--PERSONAL NAME
Personal name BD chaurasias
245 #0 - TITLE STATEMENT
Title human anatomy volumes 3
260 ## - PUBLICATION, DISTRIBUTION, ETC.
Name of publisher, distributor, etc. c.b.s. publishers
300 ## - PHYSICAL DESCRIPTION
Extent 363
942 ## - ADDED ENTRY ELEMENTS (KOHA)
Koha item type Book
Holdings
Withdrawn status Lost status Damaged status Not for loan Collection code Permanent Location Current Location Shelving location Date acquired Cost, normal purchase price Full call number Barcode Date last seen Price effective from Koha item type
          Maharishi School of Pharmaceutical Science (Lucknow) Maharishi School of Pharmaceutical Science (Lucknow) R1S4 2023-02-17 2795.00 615.5 SOPH3803 2023-02-17 2023-02-17 Reference Book

All Rights Reserved@MUIT

Powered by Koha